Handbook of Statistical Analysis AI and ML Applications/by Robert Nisbet, Keith McCormick and Gary Miner (Record no. 52388)

MARC details
000 -LEADER
fixed length control field 00606nam a22001817a 4500
003 - CONTROL NUMBER IDENTIFIER
control field OSt
008 - FIXED-LENGTH DATA ELEMENTS--GENERAL INFORMATION
fixed length control field 260627b |||||||| |||| 00| 0 eng d
020 ## - INTERNATIONAL STANDARD BOOK NUMBER
International Standard Book Number 9780443158452
082 ## - DEWEY DECIMAL CLASSIFICATION NUMBER
Classification number 519.5028563
Item number N72H
100 ## - MAIN ENTRY--PERSONAL NAME
Personal name Nisbet, Robert
245 ## - TITLE STATEMENT
Title Handbook of Statistical Analysis AI and ML Applications/by Robert Nisbet, Keith McCormick and Gary Miner
260 ## - PUBLICATION, DISTRIBUTION, ETC. (IMPRINT)
Place of publication, distribution, etc London :
Name of publisher, distributor, etc Academic Press,
Date of publication, distribution, etc 2025
300 ## - PHYSICAL DESCRIPTION
Extent xxii, 472 p.
650 ## - SUBJECT ADDED ENTRY--TOPICAL TERM
Topical term or geographic name as entry element Mathematics | Pure Sciences | Mathematical statistics | Quantitative techniques
700 ## - ADDED ENTRY--PERSONAL NAME
Personal name Miner, Gary D.
700 ## - ADDED ENTRY--PERSONAL NAME
Personal name McCormick, Keith
942 ## - ADDED ENTRY ELEMENTS (KOHA)
Source of classification or shelving scheme
Koha item type Books
Holdings
Withdrawn status Lost status Source of classification or shelving scheme Damaged status Not for loan Home library Current library Shelving location Date acquired Source of acquisition Cost, normal purchase price Total Checkouts Full call number Barcode Date last seen Bill Date Koha item type Bill Number
          Dr. Rajendra Prasad Central Agricultural University Pusa, Dr. Rajendra Prasad Central Agricultural University Pusa, General Stacks 27/06/2026 Today & Tomorrow Printers and Publishers 10629.00   519.5028563 N72H 87609 27/06/2026 29/01/2026 Books Bill No. IN-00449
Hosted, Implemented, Customized & Maintained by: BestBookBuddies

Powered by Koha